Southville International School and Colleges
Your cart is empty.
  • Cart
  • Lists
    Public lists Eva Luna New books Lux_list list_1
    Your lists Log in to create your own lists
  • Log in to your account
  • Your cookies
  • Search history
Southville International School and Colleges
  • Advanced search
  • Recent comments
  • Most popular
  • Libraries

Log in to your account

Log in with GOOGLE


If you do not have an external account, but do have a local account, you can still log in:

  1. Home
  2. MARC view: Characteristics of emotional and behavioral disorders of children and youth /
Normal view MARC view ISBD view

Characteristics of emotional and behavioral disorders of children and youth / (Record no. 276918)

[ view plain ]
MARC details
000 -LEADER
fixed length control field 01023cam a2200289 a 4500
001 - CONTROL NUMBER
control field 17077502
005 - DATE AND TIME OF LATEST TRANSACTION
control field 20141210160747.0
008 - FIXED-LENGTH DATA ELEMENTS--GENERAL INFORMATION
fixed length control field 111209s2013 maua b 001 0 eng
010 ## - LIBRARY OF CONGRESS CONTROL NUMBER
LC control number 2011048329
020 ## - INTERNATIONAL STANDARD BOOK NUMBER
International Standard Book Number 9780132658089 (hbk.)
040 ## - CATALOGING SOURCE
Original cataloging agency DLC
Transcribing agency DLC
Modifying agency DLC
042 ## - AUTHENTICATION CODE
Authentication code pcc
050 00 - LIBRARY OF CONGRESS CALL NUMBER
Classification number RJ 506.B44
Item number .K38 2012
082 00 - DEWEY DECIMAL CLASSIFICATION NUMBER
Classification number 618.92/89
100 1# - MAIN ENTRY--PERSONAL NAME
Personal name Kauffman, James M.
245 10 - TITLE STATEMENT
Title Characteristics of emotional and behavioral disorders of children and youth /
Statement of responsibility, etc James M. Kauffman, Timothy J. Landrum.
250 ## - EDITION STATEMENT
Edition statement 10th ed.
260 ## - PUBLICATION, DISTRIBUTION, ETC. (IMPRINT)
Place of publication, distribution, etc Boston :
Name of publisher, distributor, etc Pearson Education,
Date of publication, distribution, etc c2013.
300 ## - PHYSICAL DESCRIPTION
Extent xvii, 459 p. :
Other physical details ill. ;
Dimensions 24 cm.
504 ## - BIBLIOGRAPHY, ETC. NOTE
Bibliography, etc Includes bibliographical references (p. 399-430) and index.
650 #0 - SUBJECT ADDED ENTRY--TOPICAL TERM
Topical term or geographic name as entry element Behavior disorders in children.
650 #0 - SUBJECT ADDED ENTRY--TOPICAL TERM
Topical term or geographic name as entry element Emotional problems of children.
700 1# - ADDED ENTRY--PERSONAL NAME
Personal name Landrum, Timothy J.
906 ## - LOCAL DATA ELEMENT F, LDF (RLIN)
a 7
b cbc
c orignew
d 1
e ecip
f 20
g y-gencatlg
942 ## - ADDED ENTRY ELEMENTS (KOHA)
Source of classification or shelving scheme Library of Congress Classification
Koha item type Books
Call number prefix Foreign
Holdings
Withdrawn status Lost status Source of classification or shelving scheme Damaged status Home library Current library Shelving location Date acquired Source of acquisition Sub Shelving location Total Checkouts Total Renewals Full call number Barcode Date last seen Date checked out Price effective from Koha item type
    Library of Congress Classification   College Library College Library Reserve Section 12/10/2014 Library Fund   1 1 RJ 506.B44 .K38 2012 C19017 05/15/2018 11/16/2016 12/10/2014 Books

Characteristics of emotional and behavioral disorders of children and youth /

APA

Kauffman J. M., Landrum T. J., . (2013). Characteristics of emotional and behavioral disorders of children and youth. Boston: Pearson Education.

Chicago

Kauffman James M, Landrum Timothy J, . 2013. Characteristics of emotional and behavioral disorders of children and youth. Boston: Pearson Education.

Harvard

Kauffman J. M., Landrum T. J., . (2013). Characteristics of emotional and behavioral disorders of children and youth. Boston: Pearson Education.

MLA

Kauffman James M, Landrum Timothy J, . Characteristics of emotional and behavioral disorders of children and youth. Boston: Pearson Education. 2013.

  • Place hold
  • Print
  • Cite
  • Add to your cart (remove)
  • Save record
    BIBTEX Dublin Core MARCXML MARC (non-Unicode/MARC-8) MARC (Unicode/UTF-8) MARC (Unicode/UTF-8, Standard) MODS (XML) RIS
  • More searches
    Search for this title in:
    Other Libraries (WorldCat) Other Databases (Google Scholar) Online Stores (Bookfinder.com) Open Library (openlibrary.org)

Exporting to Dublin Core...

SOUTHVILLE LIBRARY

Southville International School and Colleges Library

1281 Tropical Ave. Cor. Luxembourg St., BF Homes International, Las Pinas City

Tel. No. 8256374 / 252358 Loc. 117/146

Powered by Koha